Délmagyarország. - 1990. november 15., Csütörtök
Elmentve itt :
| Dokumentumtípus: | Újság |
|---|---|
| Megjelent: |
1990-11-15
|
| Sorozat: | Délmagyarország
80 No. 290 |
| Online Access: | http://dmarchiv.bibl.u-szeged.hu/24361 |
| LEADER | 00495nas a2200145 i 4500 | ||
|---|---|---|---|
| 001 | delm24361 | ||
| 005 | 20200415081422.0 | ||
| 008 | 171218s1990 hu n o 0|| hun d | ||
| 022 | |a 0133-025X | ||
| 040 | |a SZTE Délmagyarország Archívum |b hun | ||
| 041 | |a hun | ||
| 245 | 0 | 0 | |a Délmagyarország. - 1990. november 15., Csütörtök |h [elektronikus dokumentum] |
| 260 | |c 1990-11-15 | ||
| 490 | 0 | |a Délmagyarország |v 80 No. 290 | |
| 856 | 4 | 0 | |u http://dmarchiv.bibl.u-szeged.hu/24361/1/dm_1990_290.pdf |z Dokumentum-elérés |